| 000 | 00892cam7a220022900 4500 | ||
|---|---|---|---|
| 001 | tmp15497795 | ||
| 003 | UPRA | ||
| 005 | 20190815104648.0 | ||
| 008 | 950829m19681970rm ita u | ||
| 035 | _a(Sirsi) r121377 | ||
| 035 | _a(UPRA)tmp15497795 | ||
| 040 | _cUPRA | ||
| 100 | 1 |
_aTeodoreanu, Ionel, 1897-1954. _dTeodoreanu, Ionel, 1897-1954. _6A88645.1 |
|
| 245 | 1 | 0 |
_aOpere alese : _bstudio introductiv / _ceditie ingrijita, note si comentarii de Nicolae Ciobanu. |
| 260 |
_aBucuresti : _bPentru Literatura, _c1968-1970. |
||
| 700 | 1 |
_aCiobanu, Nicolae, 1931- _dCiobanu, Nicolae, 1931- _6A88646.1 |
|
| 949 |
_aPC839.T4 _vVOL. 1 _wlcc _i-174467 _mMAIN _tBOOK _lON-SHELF |
||
| 949 |
_aPC839.T4 _vVOL. 2 _wlcc _i-174468 _mMAIN _tBOOK _lON-SHELF |
||
| 949 |
_aPC839.T4 _vVOL. 3 _wlcc _i-174469 _mMAIN _tBOOK _lON-SHELF |
||
| 949 |
_aPC839.T4 _vVOL. 4 _wlcc _i-174470 _mMAIN _tBOOK _lON-SHELF |
||
| 004 | 121377 | ||
| 999 |
_c66803 _d66803 |
||